000 00559cam a2200229 4500
001 D12494
008 19-?
035 _a(Sirsi) u94168
041 0 _aeng
050 0 4 _a336.2 $2 18
100 1 _aCox, Harold
245 0 4 _aThe taxation of site values
260 _aLondon
_bLand Union
_c19-?
300 _a23p.
_c21cm.
350 _a0
650 2 4 _aINCREMENT VALUE DUTY
650 2 4 _aUNDEVELOPED LAND DUTY
650 2 4 _aREVERSION DUTY
690 _aPROPERTY-PROPERTY TAXATION
942 _n0
948 _c04/03/1997
999 _c97922
_d97922